000 00339nam a2200133Ia 4500
005 20260328101513.0
008 260328s9999||||xx |||||||||||||| ||und||
100 _aGropius, Walter
245 4 _aThe New Architecture and the Bauhaus /
_cWalter Gropius
260 _bFaber & Faber
300 _a112 p.
650 _aARQUITECTURA
942 _cBK
999 _c9288
_d9288